Suma de teología IV Parte II-II(b) (Suma teológica)

La Suma de Teología es un tratado de teología cristiana, obra magna del aquinate, escrita en sus últimos años de vida en el siglo XIII, en la cual se exponen de manera extensa los fundamentos y contenidos esenciales de la doctrina cristiana a partir de quaestiones. Este libro corresponde al IV tomo...

Descripció completa

Guardat en:
Dades bibliogràfiques
Autor principal: Aquino, Santo Tomás de
Format: Llibre
Idioma:Undetermined
Publicat: Madrid, España Biblioteca de Autores Cristianos 1994
Matèries:
Etiquetes: Afegir etiqueta
Sense etiquetes, Sigues el primer a etiquetar aquest registre!

MARC

LEADER 00000nam a2200000Ia 4500
008 170316s9999 xx 000 0 und d
040 |a cru BVZT 
090 |a 100 A-31su v.4 
100 |a Aquino, Santo Tomás de  |9 906 
245 |a Suma de teología IV  |b Parte II-II(b) (Suma teológica)  |c / Santo Tomás de Aquino 
260 |a Madrid, España 
260 |b Biblioteca de Autores Cristianos 
260 |c 1994 
300 |a 748 páginas Vol. 4 
520 |a La Suma de Teología es un tratado de teología cristiana, obra magna del aquinate, escrita en sus últimos años de vida en el siglo XIII, en la cual se exponen de manera extensa los fundamentos y contenidos esenciales de la doctrina cristiana a partir de quaestiones. Este libro corresponde al IV tomo con la parte II-II (b) que contiene 189 cuestiones, en las que se desarrollan temas de carácter propiamente teológico-religiosos. En efecto, se da inicio con un amplio Tratado de la religión, posteriormente un Tratado de la fortaleza, uno de la templanza, otro de la profecía, y finalmente, un Tratado de los estados de la vida cristiana. 
650 |a FILOSOFÍA  |9 5 
650 |a FILOSOFÍA PATRíSTICA  |9 924 
650 |a TEOLOGÍA  |9 363 
650 |a SUMA TEOLÓGICA  |9 914 
999 |c 15518  |d 15518 
942 |c SALA  |h 100 A-31su v.4  |2 z